Critical care nursing in resource limited environments
Tallennettuna:
| Päätekijä: | |
|---|---|
| Aineistotyyppi: | Kirja |
| Kieli: | englanti |
| Julkaistu: |
Routledge
2019
|
| Tagit: |
Lisää tagi
Ei tageja, Lisää ensimmäinen tagi!
|
MARC
| LEADER | 00000nam a22000007a 4500 | ||
|---|---|---|---|
| 008 | 221222b |||||||| |||| 00| 0 eng d | ||
| 020 | |a 9781138092513 | ||
| 100 | |a CARTER, Chris | ||
| 245 | |a Critical care nursing in resource limited environments |c Chris Carter |g vi,218p;ill | ||
| 260 | |b Routledge |c 2019 |h New York |i 699965 |i 699966 |l RC86.7.C24 |m Critical Care Nursing- economics |m Health Resources - economics |m Nursing Care - methods | ||
| 500 | |a it includes references and index | ||
| 942 | |a lcc |c BK |e Johnson |f 12/22 | ||
| 952 | |0 0 |1 0 |2 lcc |4 0 |7 0 |9 4057 |a HE |b HOL |c QZ |d 2022-12-22 |l 0 |p 2022-0016 |r 2022-12-22 00:00:00 |t 699965 |w 2022-12-22 |y BK | ||
| 952 | |0 0 |1 0 |2 lcc |4 0 |7 0 |9 4058 |a HOL |b HOL |c QZ |d 2022-12-22 |l 0 |p 2022-0017 |r 2022-12-22 00:00:00 |t 699966 |w 2022-12-22 |y BK | ||
| 999 | |c 2037 |d 2037 | ||